00931 2200325 4500001002100000005001500021035002000036007000300056008004100059020001800100082001100118084001900129100002800148245016300176250001000339260003200349300002700381500004900408650001900457700001200476700003000488990001100518990001100529990001100540990001100551990001100562990001100573990001100584990001000595INLIS00000000000782020240927023049 a0010-0321001190ta240927 g 0 ind  a9786029033816 a297.32 aR.297.32 EKO b0 aEKO, Maulana Ali Suroso1 aKumpulan Khotbah Jum'at :bMerentang Kasih Merajut Persatuan Menuju Kemenangan Keberkahan /cEko Maulana Ali Suroso; editor, Sudarnu, Jamaluddin Alwi bin Alwi acet.1 aSungailiat :bMadila,c2011 avi, 152 hal. ;c21 cm. aPenerbit bekerja sama dengan Pustaka Pelajar 4aKHOTBAH JUM'AT0 aSUDARNU0 aJAMALUDDIN, Alwi bin Alwi a4038 b a4038 a a4132 a a4132 d a4132 e a4132 g a4132 h a4132i